The Doctrine of the Great Indian Educators. (Record no. 238)

MARC details
005 - DATE AND TIME OF LATEST TRANSACTION
control field 20250619115134.0
020 ## - INTERNATIONAL STANDARD BOOK NUMBER
International Standard Book Number 81-7391-505-9
082 ## - DEWEY DECIMAL CLASSIFICATION NUMBER
Classification number 303.484 SHA
100 ## - MAIN ENTRY--PERSONAL NAME
Author name SHARMA, Y. K.
245 ## - TITLE STATEMENT
Title The Doctrine of the Great Indian Educators.
260 ## - PUBLICATION, DISTRIBUTION, ETC.
Place of publication, distribution, etc. New Delhi,
Name of publisher, distributor, etc. Kanishka,
Date of publication, distribution, etc. 2013.
300 ## - PHYSICAL DESCRIPTION
Extent xiv,371p.:
Dimensions 22cm.
942 ## - ADDED ENTRY ELEMENTS (KOHA)
Source of classification or shelving scheme Dewey Decimal Classification
Koha item type Books
Holdings
Date last seen Total checkouts Full call number Barcode Cost, replacement price Price effective from Koha item type Lost status Source of classification or shelving scheme Damaged status Not for loan Withdrawn status Home library Current library Shelving location Date acquired Cost, normal purchase price
03/10/2025   303.484 SHA 000000627 120000.00 03/10/2025 Books   Dewey Decimal Classification       College of Business Education Main Library College of Business Education Main Library General Collection 03/10/2025 40000.00
03/10/2025   303.484 SHA 000000628 120000.00 03/10/2025 Books   Dewey Decimal Classification       College of Business Education Main Library College of Business Education Main Library General Collection 03/10/2025 40000.00
03/10/2025   303.484 SHA 000000629 120000.00 03/10/2025 Books   Dewey Decimal Classification       College of Business Education Main Library College of Business Education Main Library General Collection 03/10/2025 40000.00
03/10/2025   303.484 SHA 000000630 120000.00 03/10/2025 Books   Dewey Decimal Classification       College of Business Education Main Library College of Business Education Main Library General Collection 03/10/2025 40000.00
03/10/2025   303.484 SHA 000000631 120000.00 03/10/2025 Books   Dewey Decimal Classification       College of Business Education Main Library College of Business Education Main Library General Collection 03/10/2025 40000.00